[Event "RUS-ch rapid"]
[Site "Sochi"]
[Date "2017.10.01"]
[Round "7"]
[White "Ivanov, Alexander Al"]
[Black "Potapov, Pavel"]
[Result "0-1"]
[WhiteElo "2400"]
[BlackElo "2479"]
[PlyCount "104"]
[EventDate "2017.09.30"]
[EventType "swiss (rapid)"]
[EventRounds "11"]
[EventCountry "RUS"]
[SourceTitle "EXT 2018"]
[Source "ChessBase"]
[SourceDate "2017.10.13"]
[SourceVersion "1"]
[SourceVersionDate "2017.10.13"]
[SourceQuality "1"]

1. e4 c5 2. Nf3 Nc6 3. Bb5 g6 4. 0-0 Bg7 5. Re1 Nf6 6. Nc3 0-0 7. h3 d6 8. d4 cxd4 9. Nxd4 Nxd4 10. Qxd4 a6 11. Bf1 Bd7 12. a4 Bc6 13. Qb4 Rc8 14. a5 Nd7 15. Na4 f5 16. exf5 Rxf5 17. Nb6 Nxb6 18. axb6 e5 19. Bxa6 Qf6 20. Re2 bxa6 21. b7 Rb8 22. Rxa6 Bxb7 23. Rxd6 Qf7 24. Rb6 Qd5 25. Qb3 Qxb3 26. Rxb3 Rf7 27. Bd2 Rd8 28. Bc3 e4 29. Bxg7 Kxg7 30. Kh2 Rd1 31. Kg3 g5 32. Rb6 h5 33. c4 Rc1 34. Rb5 Rxc4 35. Rxg5+ Kh6 36. Rb5 Rg7+ 37. Kh2 Bc6 38. Rb6 Rg6 39. b4 Rc3 40. b5 Bd5 41. Rxg6+ Kxg6 42. Rd2 Rd3 43. Rc2 Kf6 44. Rc8 Rb3 45. Rh8 Kg6 46. Rb8 Rb2 47. Kg1 e3 48. fxe3 Rxg2+ 49. Kf1 Rb2 50. Kg1 Kg5 51. b6 Kh4 52. Rd8 Bf3 0-1

[Event "RUS-chT blitz"]
[Site "Sochi"]
[Date "2016.10.07"]
[Round "10.3"]
[White "Ivanov, Alexander Al"]
[Black "Khismatullin, Denis Rimovich"]
[Result "0-1"]
[WhiteElo "2400"]
[BlackElo "2617"]
[PlyCount "74"]
[EventDate "2016.10.07"]
[EventType "team-swiss (blitz)"]
[EventRounds "15"]
[EventCountry "RUS"]
[SourceTitle "EXT 2017"]
[Source "ChessBase"]
[SourceDate "2016.10.25"]
[SourceVersion "1"]
[SourceVersionDate "2016.10.25"]
[SourceQuality "1"]
[WhiteTeam "Belgorod Region"]
[BlackTeam "Malachite Sverdlovsk Region"]
[WhiteTeamCountry "RUS"]
[BlackTeamCountry "RUS"]

1. e4 c5 2. Nf3 d6 3. Bb5+ Nd7 4. 0-0 a6 5. Bc4 Ngf6 6. Re1 b5 7. Bf1 Bb7 8. d3 g6 9. a4 Bg7 10. Nc3 b4 11. Nb1 0-0 12. Nbd2 a5 13. Nc4 Nb6 14. Nxb6 Qxb6 15. Rb1 e6 16. b3 d5 17. Bb2 dxe4 18. Bxf6 exf3 19. Bxg7 Kxg7 20. gxf3 Rad8 21. Bg2 Rd4 22. Qc1 Rfd8 23. f4 Bxg2 24. Kxg2 R8d5 25. Re4 Rf5 26. Qe3 Qd6 27. Re1 Rxf4 28. Qg3 e5 29. f3 f6 30. Qh3 h5 31. Qc8 Rdxe4 32. Rxe4 Rxe4 33. fxe4 h4 34. Kh3 Qd4 35. Qc7+ Kh6 36. Kxh4 Qf2+ 37. Kh3 Qf3+ 0-1

[Event "RUS-chT blitz"]
[Site "Sochi"]
[Date "2016.10.07"]
[Round "1.1"]
[White "Ivanov, Alexander Al"]
[Black "Morozevich, Alexander"]
[Result "0-1"]
[WhiteElo "2400"]
[BlackElo "2683"]
[PlyCount "40"]
[EventDate "2016.10.07"]
[EventType "team-swiss (blitz)"]
[EventRounds "15"]
[EventCountry "RUS"]
[SourceTitle "EXT 2017"]
[Source "ChessBase"]
[SourceDate "2016.10.25"]
[SourceVersion "1"]
[SourceVersionDate "2016.10.25"]
[SourceQuality "1"]
[WhiteTeam "Belgorod Region"]
[BlackTeam "Moscow SHSM Legacy"]
[WhiteTeamCountry "RUS"]
[BlackTeamCountry "RUS"]

1. e4 c5 2. Nf3 e6 3. g3 Nc6 4. Bg2 Nf6 5. Qe2 Be7 6. 0-0 0-0 7. Re1 e5 8. c4 d6 9. Nc3 Bg4 10. Qd3 Nd4 11. Nxd4 cxd4 12. Nd5 Nxd5 13. cxd5 Rc8 14. f3 Bd7 15. Qb3 Qc7 16. Bf1 f5 17. Bb5 fxe4 18. fxe4 Bxb5 19. Qxb5 Bg5 20. d3 Qf7 0-1

[Event "RUS-chT blitz"]
[Site "Sochi"]
[Date "2016.10.07"]
[Round "6.4"]
[White "Ivanov, Alexander Al"]
[Black "Paravyan, David"]
[Result "0-1"]
[WhiteElo "2400"]
[BlackElo "2528"]
[PlyCount "86"]
[EventDate "2016.10.07"]
[EventType "team-swiss (blitz)"]
[EventRounds "15"]
[EventCountry "RUS"]
[SourceTitle "EXT 2017"]
[Source "ChessBase"]
[SourceDate "2016.10.25"]
[SourceVersion "1"]
[SourceVersionDate "2016.10.25"]
[SourceQuality "1"]
[WhiteTeam "Belgorod Region"]
[BlackTeam "Moscow Spartak"]
[WhiteTeamCountry "RUS"]
[BlackTeamCountry "RUS"]

1. e4 e5 2. Nf3 Nc6 3. Bb5 Nf6 4. 0-0 Nxe4 5. Re1 Nd6 6. Nxe5 Be7 7. Nxc6 dxc6 8. Bf1 0-0 9. Nc3 Bf5 10. d3 Qd7 11. Qf3 Rfe8 12. Ne4 Rad8 13. Bf4 Nb5 14. Be3 Bg6 15. c3 b6 16. Ng3 c5 17. a4 Nd6 18. a5 Qb5 19. axb6 axb6 20. d4 c4 21. b4 Bd3 22. Bf4 Bf8 23. Rxe8 Rxe8 24. Ra8 Bxf1 25. Kxf1 h6 26. Bxd6 Bxd6 27. Nf5 Rxa8 28. Qxa8+ Kh7 29. Qe4 Kg8 30. Ne3 Qa6 31. Nxc4 Qxc4+ 32. Kg1 Qxc3 33. Qe8+ Kh7 34. Qe4+ g6 35. g3 Kg7 36. b5 Qc4 37. h4 h5 38. g4 hxg4 39. h5 gxh5 40. Qf5 Qc1+ 41. Kg2 Qh6 42. Qd5 Qg6 43. Qa8 h4 0-1

[Event "RUS-chT blitz"]
[Site "Sochi"]
[Date "2016.10.07"]
[Round "3.5"]
[White "Potapov, Pavel"]
[Black "Ivanov, Alexander Al"]
[Result "1/2-1/2"]
[WhiteElo "2493"]
[BlackElo "2400"]
[PlyCount "51"]
[EventDate "2016.10.07"]
[EventType "team-swiss (blitz)"]
[EventRounds "15"]
[EventCountry "RUS"]
[SourceTitle "EXT 2017"]
[Source "ChessBase"]
[SourceDate "2016.10.25"]
[SourceVersion "1"]
[SourceVersionDate "2016.10.25"]
[SourceQuality "1"]
[WhiteTeam "Yamal YaNAO"]
[BlackTeam "Belgorod Region"]
[WhiteTeamCountry "RUS"]
[BlackTeamCountry "RUS"]

1. e4 d6 2. d4 Nf6 3. Nc3 c6 4. Nf3 Qa5 5. Bd3 e5 6. h3 Be7 7. 0-0 Nbd7 8. Be3 Qc7 9. Qd2 h6 10. a4 a5 11. Rad1 Nf8 12. Bc4 Ng6 13. Rfe1 0-0 14. Bb3 Nh5 15. Ne2 b6 16. c3 Ba6 17. dxe5 dxe5 18. Qd7 Qxd7 19. Rxd7 Rab8 20. Nxe5 Nxe5 21. Rxe7 Nd3 22. Rb1 Nc5 23. Bd1 Nf6 24. Nd4 Bd3 25. Ra1 Bxe4 26. b4 1/2-1/2

[Event "RUS-chT rapid"]
[Site "Sochi"]
[Date "2016.10.05"]
[Round "1.1"]
[White "Ivanov, Alexander Al"]
[Black "Morozevich, Alexander"]
[Result "0-1"]
[WhiteElo "2400"]
[BlackElo "2683"]
[PlyCount "98"]
[EventDate "2016.10.05"]
[EventType "team-swiss (rapid)"]
[EventRounds "9"]
[EventCountry "RUS"]
[SourceTitle "EXT 2017"]
[Source "ChessBase"]
[SourceDate "2016.10.25"]
[SourceVersion "1"]
[SourceVersionDate "2016.10.25"]
[SourceQuality "1"]
[WhiteTeam "Belgorod Region"]
[BlackTeam "Moscow SHSM Legacy"]
[WhiteTeamCountry "RUS"]
[BlackTeamCountry "RUS"]

1. e4 e5 2. Nf3 Nc6 3. Bb5 a6 4. Bxc6 dxc6 5. 0-0 Qf6 6. d4 exd4 7. Qxd4 Bg4 8. Nbd2 Qxd4 9. Nxd4 0-0-0 10. N4f3 Nf6 11. Ng5 Bh5 12. f3 Nd7 13. Nc4 f6 14. Nh3 Bf7 15. Ne3 Bc5 16. Kh1 Rhe8 17. Nf2 Ne5 18. Nfg4 Nd7 19. Nf2 h5 20. Nd3 Ba7 21. h4 g6 22. Nd1 Bc4 23. Be3 Bxd3 24. cxd3 Bxe3 25. Nxe3 Ne5 26. Rad1 Nxd3 27. Rd2 Nb4 28. Rxd8+ Rxd8 29. a3 Nd3 30. Rb1 b5 31. Kh2 Kb7 32. g4 Ne5 33. gxh5 gxh5 34. f4 Nf3+ 35. Kg2 Nxh4+ 36. Kg3 Ng6 37. Rh1 Rd3 38. Kf3 h4 39. Rg1 Nf8 40. Re1 Ne6 41. Kg4 h3 42. Nf5 h2 43. Rh1 Rd2 44. Ng3 Rxb2 45. Kf5 Nc5 46. Kxf6 Rg2 47. e5 Rxg3 48. Rxh2 Re3 49. Rd2 Nd3 0-1

[Event "RUS-ch rapid"]
[Site "Sochi"]
[Date "2016.10.02"]
[Round "2"]
[White "Ivanov, Alexander Al"]
[Black "Alekseev, Evgeny V"]
[Result "0-1"]
[WhiteElo "2400"]
[BlackElo "2636"]
[PlyCount "158"]
[EventDate "2016.10.02"]
[EventType "swiss (rapid)"]
[EventRounds "10"]
[EventCountry "RUS"]
[SourceTitle "CBM 174 Extra"]
[Source "ChessBase"]
[SourceDate "2016.10.10"]
[SourceVersion "1"]
[SourceVersionDate "2016.10.10"]
[SourceQuality "1"]

1. e4 c5 2. Nf3 e6 3. d3 Nc6 4. g3 Nf6 5. Bg2 Be7 6. 0-0 0-0 7. Re1 d6 8. h3 e5 9. Nc3 h6 10. Nh4 Nd4 11. Ne2 Re8 12. c3 Nc6 13. c4 Rb8 14. Nc3 Nd4 15. Nf3 Be6 16. Nxd4 cxd4 17. Nd5 b5 18. Nxf6+ Bxf6 19. b3 bxc4 20. bxc4 Qa5 21. Bd2 Qa3 22. Bf1 Bg5 23. Bxg5 hxg5 24. Qc1 Qxc1 25. Rexc1 Rb2 26. c5 dxc5 27. Rxc5 f6 28. a4 Re7 29. a5 Kf7 30. Rac1 Ra2 31. Rb1 Ra3 32. Kg2 Rc3 33. Rbb5 Rc7 34. Rxc7+ Rxc7 35. Be2 Ke7 36. Bg4 Bf7 37. Rb8 Kd6 38. Kf3 Kc5 39. Ke2 Re7 40. Kd2 Be8 41. a6 Bc6 42. h4 gxh4 43. gxh4 Re8 44. Rb1 Rh8 45. h5 Bb5 46. Bd1 Bxa6 47. Rc1+ Kb6 48. Be2 Bb5 49. Rg1 Rh7 50. Kc2 Be8 51. Rh1 Rh6 52. Rb1+ Bb5 53. Rg1 Rh7 54. Kd2 a6 55. Rb1 Kb7 56. Rg1 Be8 57. Rb1+ Ka7 58. Rc1 Bxh5 59. Bxh5 Rxh5 60. Rc7+ Kb6 61. Rxg7 Rh4 62. Rf7 Rf4 63. Ke2 a5 64. Rf8 Kb5 65. Rb8+ Kc5 66. Rc8+ Kb4 67. Rb8+ Ka3 68. Rb6 a4 69. f3 Ka2 70. Kf2 Rh4 71. Kg3 Rh1 72. Rxf6 a3 73. Rb6 Rb1 74. Ra6 Kb2 75. Rb6+ Kc2 76. Ra6 Rb3 77. f4 Kxd3 78. Kg4 Kxe4 79. f5 Rf3 0-1

[Event "EU-ch rapid"]
[Site "Minsk"]
[Date "2015.12.20"]
[Round "10"]
[White "Ivanov, Alexander Al"]
[Black "Stupak, Kirill"]
[Result "1-0"]
[WhiteElo "2397"]
[BlackElo "2542"]
[PlyCount "99"]
[EventDate "2015.12.19"]
[EventType "swiss (rapid)"]
[EventRounds "11"]
[EventCountry "BLR"]
[SourceTitle "EXT 2017"]
[Source "ChessBase"]
[SourceDate "2016.10.25"]
[SourceVersion "1"]
[SourceVersionDate "2016.10.25"]
[SourceQuality "1"]

1. e4 e6 2. d3 d5 3. Qe2 Nf6 4. Nf3 Be7 5. g3 b6 6. Bg2 dxe4 7. dxe4 Ba6 8. c4 Nc6 9. e5 Nd7 10. 0-0 Qc8 11. Nc3 h6 12. Nb5 Bb7 13. Rd1 a6 14. Nbd4 Nxd4 15. Nxd4 Bxg2 16. Kxg2 c5 17. Nf3 Qc6 18. Re1 0-0-0 19. Qe4 Nb8 20. b3 Qxe4 21. Rxe4 Rd7 22. Bd2 Rhd8 23. Bc3 Nc6 24. h4 b5 25. cxb5 axb5 26. Rc1 Kb7 27. Rc2 Kb6 28. h5 g5 29. Bd2 Ra8 30. Bc3 Rd3 31. Nh2 b4 32. Bd2 Rd7 33. Ng4 Bf8 34. Be3 Kb5 35. Rec4 Nd4 36. Bxd4 Rxd4 37. Rxd4 cxd4 38. Kf3 Rd8 39. Ke4 Bg7 40. f4 gxf4 41. gxf4 Bf8 42. Nf2 Be7 43. Rc7 Bc5 44. Nd3 Bb6 45. Rxf7 Rg8 46. Kf3 Rg1 47. f5 exf5 48. e6 Kc6 49. Rf6 Rg8 50. e7+ 1-0

[Event "RUS-chT blitz"]
[Site "Sochi"]
[Date "2015.05.10"]
[Round "1.18"]
[White "Artemiev, Vladislav"]
[Black "Ivanov, Alexander Al"]
[Result "1-0"]
[WhiteElo "2671"]
[BlackElo "2420"]
[PlyCount "51"]
[EventDate "2015.05.10"]
[EventType "team-swiss (blitz)"]
[EventRounds "11"]
[EventCountry "RUS"]
[SourceTitle "CBM 166 Extra"]
[Source "ChessBase"]
[SourceDate "2015.06.18"]
[SourceVersion "1"]
[SourceVersionDate "2015.06.18"]
[SourceQuality "1"]
[WhiteTeam "Kazan Ladya"]
[BlackTeam "Belgorod Rakita"]
[WhiteTeamCountry "RUS"]
[BlackTeamCountry "RUS"]

1. Nf3 d6 2. d4 g6 3. e4 Bg7 4. Bc4 c6 5. Bb3 Nf6 6. Qe2 0-0 7. 0-0 d5 8. e5 Ne4 9. Ne1 h6 10. c3 Na6 11. Be3 Bd7 12. f3 Ng5 13. Nd2 f5 14. exf6 exf6 15. Bc2 f5 16. Nd3 Re8 17. Qf2 Nc7 18. Ne5 Kh7 19. Qg3 Nce6 20. h4 Bxe5 21. dxe5 Nf7 22. h5 Nf8 23. f4 Qe7 24. Nf3 Nh8 25. Nh4 Qf7 26. Qh3 1-0

[Event "RUS-chT blitz"]
[Site "Sochi"]
[Date "2015.05.10"]
[Round "9.34"]
[White "Ivanov, Alexander Al"]
[Black "Nechaev, Oleg"]
[Result "0-1"]
[WhiteElo "2420"]
[BlackElo "2329"]
[PlyCount "75"]
[EventDate "2015.05.10"]
[EventType "team-swiss (blitz)"]
[EventRounds "11"]
[EventCountry "RUS"]
[SourceTitle "CBM 166 Extra"]
[Source "ChessBase"]
[SourceDate "2015.06.18"]
[SourceVersion "1"]
[SourceVersionDate "2015.06.18"]
[SourceQuality "1"]
[WhiteTeam "Belgorod Rakita"]
[BlackTeam "Stavropol Region"]
[WhiteTeamCountry "RUS"]
[BlackTeamCountry "RUS"]

1. e4 c5 2. Nf3 Nc6 3. Bb5 g6 4. 0-0 Bg7 5. Re1 Nf6 6. e5 Nd5 7. Bxc6 dxc6 8. d3 0-0 9. Nbd2 b6 10. a4 a5 11. Nc4 Rb8 12. h3 Ba6 13. c3 Nc7 14. Qe2 Ne6 15. Ng5 Bxc4 16. dxc4 Qc8 17. h4 Nxg5 18. hxg5 Qf5 19. g4 Qe6 20. f4 Rbd8 21. Qf3 f6 22. gxf6 exf6 23. f5 fxe5 24. Rf1 e4 25. fxe6 Rxf3 26. Rxf3 exf3 27. Bg5 Re8 28. Re1 Bf8 29. e7 Bg7 30. Re6 Kf7 31. Rxc6 h6 32. Bh4 g5 33. Bf2 Rxe7 34. Rxb6 Re2 35. Kf1 h5 36. gxh5 g4 37. Rg6 Re4 38. Bxc5 0-1

[Event "RUS-chT rapid"]
[Site "Sochi"]
[Date "2015.05.09"]
[Round "7.14"]
[White "Ivanov, Alexander Al"]
[Black "Lysyj, Igor"]
[Result "1/2-1/2"]
[WhiteElo "2420"]
[BlackElo "2677"]
[PlyCount "153"]
[EventDate "2015.05.08"]
[EventType "team-swiss"]
[EventRounds "9"]
[EventCountry "RUS"]
[SourceTitle "CBM 166 Extra"]
[Source "ChessBase"]
[SourceDate "2015.06.18"]
[SourceVersion "1"]
[SourceVersionDate "2015.06.18"]
[SourceQuality "1"]
[WhiteTeam "Belgorod Rakita"]
[BlackTeam "Sverdlovsk Region Malakhit"]
[WhiteTeamCountry "RUS"]
[BlackTeamCountry "RUS"]

1. e4 e5 2. Nf3 Nc6 3. Bb5 Nf6 4. Qe2 Bc5 5. 0-0 0-0 6. d3 Nd4 7. Nxd4 Bxd4 8. c3 Bb6 9. Bg5 h6 10. Bh4 d6 11. Ba4 g5 12. Bg3 Bg4 13. Qe1 Nh5 14. Bd1 Nxg3 15. hxg3 Bd7 16. g4 h5 17. Nd2 hxg4 18. Nc4 f5 19. Nxb6 axb6 20. exf5 Bxf5 21. Qe3 Kg7 22. Qg3 Qd7 23. Re1 Rh8 24. Bb3 Rh6 25. Kf1 Qc6 26. Ke2 Rah8 27. Kd2 Rh2 28. Rg1 Kf6 29. Rae1 b5 30. a3 Qb6 31. Qe3 Qxe3+ 32. fxe3 Ke7 33. Ref1 Be6 34. Bxe6 Kxe6 35. e4 R8h6 36. Rf5 Rf6 37. Rxf6+ Kxf6 38. Ke3 Kg6 39. Kf2 Rh8 40. Kg3 Rf8 41. Ra1 b6 42. b4 Rf7 43. c4 bxc4 44. dxc4 Rf4 45. Re1 Kf6 46. a4 Ke7 47. a5 Kd7 48. a6 Kc8 49. Rh1 Kb8 50. Rh8+ Ka7 51. Rh7 Kxa6 52. Rxc7 Rxe4 53. Rc6 Rd4 54. c5 dxc5 55. bxc5 Kb5 56. Rxb6+ Kxc5 57. Rg6 Rf4 58. Rxg5 Kd4 59. Rg8 Ke3 60. Re8 Re4 61. Ra8 Rd4 62. Re8 e4 63. Kxg4 Kf2 64. Kf5 e3 65. g4 Kf3 66. g5 Rf4+ 67. Kg6 Re4 68. Rf8+ Kg2 69. Ra8 e2 70. Ra1 Kf3 71. Re1 Kf4 72. Kf6 Kf3 73. g6 Rf4+ 74. Ke6 Rg4 75. Kf7 Rxg6 76. Kxg6 Kf2 77. Rxe2+ 1/2-1/2

[Event "RUS-chT rapid"]
[Site "Sochi"]
[Date "2015.05.09"]
[Round "5.34"]
[White "Zablotsky, Sergei"]
[Black "Ivanov, Alexander Al"]
[Result "0-1"]
[WhiteElo "2525"]
[BlackElo "2420"]
[PlyCount "156"]
[EventDate "2015.05.08"]
[EventType "team-swiss"]
[EventRounds "9"]
[EventCountry "RUS"]
[SourceTitle "CBM 166 Extra"]
[Source "ChessBase"]
[SourceDate "2015.06.18"]
[SourceVersion "1"]
[SourceVersionDate "2015.06.18"]
[SourceQuality "1"]
[WhiteTeam "Krasnoyarsk 56 parallel"]
[BlackTeam "Belgorod Rakita"]
[WhiteTeamCountry "RUS"]
[BlackTeamCountry "RUS"]

1. Nf3 d6 2. d4 g6 3. c4 Bg7 4. Nc3 e5 5. g3 Nd7 6. Bg2 Ngf6 7. 0-0 0-0 8. e4 Re8 9. d5 h6 10. b4 a5 11. Ba3 b6 12. bxa5 Rxa5 13. Bb4 Ra8 14. a4 Ba6 15. Nd2 h5 16. Re1 Bh6 17. Bf1 h4 18. a5 hxg3 19. hxg3 Nc5 20. Nb3 Nfd7 21. Nb5 Nxb3 22. Qxb3 Bxb5 23. cxb5 bxa5 24. Bxa5 Rxa5 25. Rxa5 Bd2 26. Rea1 Bxa5 27. Rxa5 Nc5 28. Qc2 Kg7 29. Bg2 Rf8 30. Ra7 Qb8 31. Qa2 Qb6 32. Qa5 Qxa5 33. Rxa5 Rb8 34. f3 Rb7 35. Bf1 Nb3 36. Ra3 Nd4 37. Kf2 f5 38. exf5 gxf5 39. Bd3 Kf6 40. Ke3 Rb6 41. Ra6 Rb7 42. Ra2 Rb8 43. Rh2 Rg8 44. Rh6+ Rg6 45. Rxg6+ Kxg6 46. f4 Kf6 47. Bf1 Nb3 48. Bc4 Nc5 49. Be2 Nd7 50. Bd3 Nb6 51. Be2 Nxd5+ 52. Kf3 Nc3 53. Bf1 Ke6 54. Ke3 Ne4 55. g4 Ng3 56. Bh3 fxg4 57. Bxg4+ Nf5+ 58. Kd3 d5 59. fxe5 Kxe5 60. Bh5 Nd6 61. b6 cxb6 62. Bf3 Ne4 63. Bh5 b5 64. Be8 b4 65. Kc2 Nc5 66. Bb5 Kd4 67. Kb2 Ke3 68. Kc2 d4 69. Bc4 d3+ 70. Kd1 Kd4 71. Bf7 Kc3 72. Bg8 b3 73. Bf7 b2 74. Ba2 Na6 75. Bb1 Nb4 76. Ke1 Nd5 77. Kf2 Kd2 78. Kf3 Nc3 0-1

[Event "RUS-chT rapid"]
[Site "Sochi"]
[Date "2015.05.08"]
[Round "4.22"]
[White "Landa, Konstantin"]
[Black "Ivanov, Alexander Al"]
[Result "1/2-1/2"]
[WhiteElo "2634"]
[BlackElo "2420"]
[PlyCount "85"]
[EventDate "2015.05.08"]
[EventType "team-swiss"]
[EventRounds "9"]
[EventCountry "RUS"]
[SourceTitle "CBM 166 Extra"]
[Source "ChessBase"]
[SourceDate "2015.06.18"]
[SourceVersion "1"]
[SourceVersionDate "2015.06.18"]
[SourceQuality "1"]
[WhiteTeam "Belorechensk Univ"]
[BlackTeam "Belgorod Rakita"]
[WhiteTeamCountry "RUS"]
[BlackTeamCountry "RUS"]

1. d4 d6 2. Nf3 Nf6 3. c4 Nbd7 4. Nc3 e5 5. e4 Be7 6. Be2 0-0 7. 0-0 h6 8. Re1 Re8 9. Bf1 Bf8 10. h3 b6 11. g3 c5 12. dxe5 dxe5 13. Nd5 Nb8 14. Bg2 Nc6 15. b3 Nh7 16. Bb2 Rb8 17. Kh2 Nd4 18. Nxd4 cxd4 19. f4 f6 20. f5 b5 21. cxb5 Rxb5 22. Qd3 Bd7 23. Rac1 Bd6 24. h4 Qb8 25. Qf3 Rc8 26. Rxc8+ Qxc8 27. Bf1 Qc2+ 28. Re2 Qb1 29. Rg2 Rb8 30. Bc4 Kh8 31. g4 Bb5 32. Bxb5 Rxb5 33. g5 fxg5 34. hxg5 hxg5 35. f6 Rxd5 36. fxg7+ Kxg7 37. Qf5 Be7 38. Qe6 Qxe4 39. Qxe7+ Kg6 40. Qe8+ Kg7 41. Qe7+ Kg6 42. Qe8+ Kh6 43. Qe6+ 1/2-1/2

[Event "RUS-chT2"]
[Site "Sochi"]
[Date "2015.05.04"]
[Round "4.8"]
[White "Ivanov, Alexander Al"]
[Black "Potapov, Alexey"]
[Result "1/2-1/2"]
[WhiteElo "2420"]
[BlackElo "2390"]
[PlyCount "83"]
[EventDate "2015.05.01"]
[EventType "team-swiss"]
[EventRounds "7"]
[EventCountry "RUS"]
[SourceTitle "CBM 166 Extra"]
[Source "ChessBase"]
[SourceDate "2015.06.18"]
[SourceVersion "1"]
[SourceVersionDate "2015.06.18"]
[SourceQuality "1"]
[WhiteTeam "Belgorod Rakita"]
[BlackTeam "Desnogorsk Atom"]
[WhiteTeamCountry "RUS"]
[BlackTeamCountry "RUS"]

1. e4 e6 2. d3 c5 3. f4 Nc6 4. Nf3 d6 5. g3 g6 6. Bg2 Bg7 7. Nbd2 Nge7 8. 0-0 0-0 9. Re1 Qc7 10. Qe2 e5 11. fxe5 dxe5 12. Nc4 Bg4 13. c3 h6 14. Ne3 Be6 15. c4 Qd7 16. Nd5 Bg4 17. Be3 Nxd5 18. cxd5 Nd4 19. Bxd4 cxd4 20. Rac1 Rfc8 21. Qd2 Rxc1 22. Rxc1 Rc8 23. Ne1 Rxc1 24. Qxc1 Qc8 25. Qxc8+ Bxc8 26. Kf2 Bf8 27. Ke2 Bd6 28. Nf3 Kg7 29. Ng1 Bg4+ 30. Kd2 Bd7 31. Bh3 Bb4+ 32. Ke2 Be8 33. Nf3 Bd6 34. Bc8 b5 35. Nd2 Kf6 36. Nb3 Ke7 37. Na5 Kd8 38. Nb7+ Kc7 39. Nxd6 Kxd6 40. b4 Kc7 41. Bh3 Kd6 42. a3 1/2-1/2

[Event "RUS-chT 20th"]
[Site "Loo"]
[Date "2013.04.11"]
[Round "5"]
[White "Ivanov, Alexander Al"]
[Black "Cheparinov, Ivan"]
[Result "0-1"]
[WhiteElo "2435"]
[BlackElo "2702"]
[PlyCount "134"]
[EventDate "2013.04.07"]
[EventType "team-swiss"]
[EventRounds "7"]
[EventCountry "RUS"]
[SourceTitle "CBM 154"]
[Source "ChessBase"]
[SourceDate "2013.05.15"]
[SourceVersion "1"]
[SourceVersionDate "2013.05.15"]
[SourceQuality "1"]
[WhiteTeam "Rakita"]
[BlackTeam "Rostov PGMB"]
[WhiteTeamCountry "RUS"]
[BlackTeamCountry "RUS"]

1. e4 c5 2. Nf3 d6 3. g3 g6 4. Bg2 Bg7 5. 0-0 Nc6 6. d3 e5 7. c3 Nge7 8. a3 0-0 9. b4 h6 10. b5 Na5 11. c4 f5 12. Nfd2 Be6 13. Qe2 Qd7 14. Nc3 f4 15. Rb1 g5 16. Nd5 Ng6 17. Bb2 b6 18. Bc3 Nb7 19. h3 Bxh3 20. Qh5 Bxg2 21. Kxg2 Qf7 22. Qxg6 Qxg6 23. Ne7+ Kh7 24. Nxg6 Kxg6 25. g4 h5 26. gxh5+ Kxh5 27. Rh1+ Kg6 28. Nf3 a6 29. a4 Bf6 30. Nh2 Rh8 31. Ng4 Rxh1 32. Rxh1 Bg7 33. bxa6 Rxa6 34. Ra1 Nd8 35. a5 bxa5 36. Rxa5 Rxa5 37. Bxa5 Nc6 38. Bc7 Bf8 39. f3 Kf7 40. Bb6 Ke6 41. Kf1 Bg7 42. Nf2 Kd7 43. Nd1 Kc8 44. Nc3 Kb7 45. Nd5 Nb4 46. Bd8 Nxd3 47. Bxg5 Nb2 48. Ke2 Nxc4 49. Kd3 Na5 50. Bh4 Nc6 51. Bf2 Nd8 52. Ne7 Bf6 53. Nd5 Bg5 54. Kc4 Kc6 55. Nc3 Ne6 56. Ne2 Nf8 57. Nc3 Bd8 58. Kd3 Ba5 59. Nd5 Ne6 60. Ne7+ Kb5 61. Nf5 c4+ 62. Kc2 Bb4 63. Kb2 Bc5 64. Bh4 Nd4 65. Be7 Kb4 66. Nxd6 c3+ 67. Ka2 Ne2 0-1

[Event "RUS-chT 20th"]
[Site "Loo"]
[Date "2013.04.07"]
[Round "1"]
[White "Jakovenko, Dmitrij"]
[Black "Ivanov, Alexander Al"]
[Result "1-0"]
[WhiteElo "2734"]
[BlackElo "2435"]
[PlyCount "105"]
[EventDate "2013.04.07"]
[EventType "team-swiss"]
[EventRounds "7"]
[EventCountry "RUS"]
[SourceTitle "CBM 154"]
[Source "ChessBase"]
[SourceDate "2013.05.15"]
[SourceVersion "1"]
[SourceVersionDate "2013.05.15"]
[SourceQuality "1"]
[WhiteTeam "Yugra"]
[BlackTeam "Rakita"]
[WhiteTeamCountry "RUS"]
[BlackTeamCountry "RUS"]

1. e4 d6 2. d4 Nf6 3. Nc3 e5 4. Nf3 Nbd7 5. Bc4 Be7 6. 0-0 0-0 7. a4 a5 8. Re1 h6 9. h3 c6 10. Ba2 Nh7 11. Be3 Ng5 12. Nd2 Ne6 13. dxe5 dxe5 14. Bxe6 fxe6 15. Nc4 Bb4 16. Qh5 Qe8 17. Qxe8 Rxe8 18. Red1 Rf8 19. f3 Kh7 20. Na2 Be7 21. Nc1 Ra6 22. Nd3 Bf6 23. Bf2 b6 24. Bg3 c5 25. Ndxe5 Nxe5 26. Bxe5 Bd8 27. Rd6 Ra8 28. Nxb6 Bxb6 29. Rxb6 Ra6 30. Rxa6 Bxa6 31. Bc7 Rf7 32. Bxa5 Rb7 33. Bc3 Rd7 34. Kf2 g5 35. Ke1 h5 36. a5 g4 37. hxg4 hxg4 38. Rd1 Rxd1+ 39. Kxd1 Bf1 40. fxg4 Bxg2 41. a6 Bxe4 42. a7 Kg6 43. Bd2 c4 44. Be3 c3 45. b4 e5 46. Ke2 Kf6 47. Bc1 Ke6 48. Ke3 Bd5 49. Kd3 Kd6 50. Kxc3 Kc7 51. Be3 Kb7 52. b5 Be4 53. Kb3 1-0

[Event "RUS-chT 19th"]
[Site "Sochi"]
[Date "2012.04.14"]
[Round "6"]
[White "Brodsky, Michail"]
[Black "Ivanov, Alexander Al"]
[Result "1-0"]
[WhiteElo "2558"]
[BlackElo "2433"]
[PlyCount "41"]
[EventDate "2012.04.09"]
[EventType "team-swiss"]
[EventRounds "7"]
[EventCountry "RUS"]
[SourceTitle "CBM 148"]
[Source "ChessBase"]
[SourceDate "2012.05.16"]
[SourceVersion "1"]
[SourceVersionDate "2012.05.16"]
[SourceQuality "1"]
[WhiteTeam "Belorechensk Univ"]
[BlackTeam "Belgorod Rakita"]
[WhiteTeamCountry "RUS"]
[BlackTeamCountry "RUS"]

1. e4 d6 2. d4 Nf6 3. Nc3 e5 4. Nf3 Nbd7 5. Bc4 Be7 6. 0-0 0-0 7. a4 c6 8. a5 h6 9. Re1 Nh7 10. Be3 Bf6 11. d5 b5 12. axb6 Nxb6 13. Bxb6 Qxb6 14. dxc6 Qxb2 15. Qd3 Qb6 16. Reb1 Qd8 17. Nd5 a5 18. c7 Qe8 19. Rb8 Ra7 20. Bb5 Qe6 21. Qe3 1-0